La democracia republicana en Cuba 1940-1952 : (Registro nro. 14584)

Detalles MARC
000 -LIDER
fixed length control field 01232nam a2200325 a 4500
001 - NÚMERO DE CONTROL
Identificador de número de control 000007137
003 - IDENTIFICACDOR DE NÚMERO DE CONTROL
control field DO-SdBNP
005 - DATE AND TIME OF LATEST TRANSACTION
control field 20240312114851.0
007 - CAMPOS FIJOS DE DESCRIPCIÓN FÍSICA
fixed length control field 000007137
008 - ELEMENTOS DE LONGITUD FIJA
fixed length control field 090717s2017 mx 001 0 spa d
020 ## - ISBN
Canceled/invalid ISBN 9786071653901
040 ## - FUENTE DE CATALOGACIÓN
Agencia que crea de manera original el registro BPMSU
Idioma de catalogación spa
Agencia que realiza la transcripción BPMSU
082 #4 - NÚMERO DE CLASIFICACIÓN DECIMAL DE DEWEY
Classification number 320.97291
Item number R696d 2017
Edition number 22
100 1# - ASIENTO PRINCIPAL -- NOMBRE PERSONAL
Nombre personal Rodríguez Arechavaleta, Carlos Manuel,
Fechas asociadas con el nombre 1968-
245 10 - MENCIÓN DE TITULO
Título La democracia republicana en Cuba 1940-1952 :
Subtítulo actores, reglas y estrategias electorales /
Mención de responsabilidad Carlos Manuel Rodríguez Arechavaleta ; prólogo Josep M. Colomer
260 ## - PUBLICACIÓN, DISTRIBUCIÓN, ETC. (PIE DE IMPRENTA)
Lugar de publicación, distribución, etc México :
Nombre del editor, distribuidor, etc. Fondo de Cultura Económica,
Fecha de publicación, distribución, etc 2017
300 ## - DESCRIPCIÓN FÍSICA
Extensión 388 p. ;
Dimensiones 21 cm.
Otros detalles físicos
490 0# - MENCIÓN DE SERIES
Mención de serie Sección de obras de política y derecho
500 ## - NOTA GENERAL
Nota general Incluye datos biogràficos del autor en la solapa de la cubierta
504 ## - NOTA DE BIBLIOGRAFÍA, ETC.
Bibliography, etc Incluye referencias bibliográficas (páginas 379-388)
590 ## - NOTA LOCAL
Texto de la nota local Inventariado, 2024/VM
650 #4 - ENCABEZAMIENTO DE MATERIA--TEMÁTICO
Término temático o nombre geográfico como elemento de entrada Democracia
Subdivisión geográfica Cuba
650 #4 - ENCABEZAMIENTO DE MATERIA--TEMÁTICO
Término temático o nombre geográfico como elemento de entrada Elecciones
Subdivisión geográfica Cuba.
651 #4 - ENCABEZAMIENTO DE MATERIA--NOMBRE GEOGRÁFICO
Nombre geográfico Cuba
Subdivisión temática general Política y gobierno
Subdivisión cronológica 1940-1952.
651 #4 - ENCABEZAMIENTO DE MATERIA--NOMBRE GEOGRÁFICO
Nombre geográfico Cuba
Subdivisión temática general Historia
Subdivisión cronológica 1940-1952.
700 1# - ASIENTO SECUNDARIO -- NOMBRE PERSONAL
Nombre personal Colomer, Josep M
Mención de responsabilidad pról.
710 2# - ASIENTO SECUNDARIO -- NOMBRE CORPORATIVO
Nombre corporativo o de jurisdicción Fondo de Cultura Económica (México)
910 ## - VALIDACIÓN
Validación VMateo V. Control de calidad BPMSU
942 ## - ADDED ENTRY ELEMENTS (KOHA)
Source of classification or shelving scheme Dewey Decimal Classification
Koha item type Libros
Existencias
Withdrawn status Lost status Source of classification or shelving scheme Damaged status Not for loan Collection code Home library Current library Date acquired Total Checkouts Full call number Barcode Date last seen Price effective from Koha item type Copy number
    Dewey Decimal Classification     Colección Escolar Biblioteca Pública Metropolitana Salomé Ureña Biblioteca Pública Metropolitana Salomé Ureña 03/12/2024   BPMSU CG 320.97291 R696d 2017 BPMSU24030020 03/12/2024 03/12/2024 Libros  
    Dewey Decimal Classification     Colección Escolar Biblioteca Pública Metropolitana Salomé Ureña Biblioteca Pública Metropolitana Salomé Ureña 03/12/2024   BPMSU CG 320.97291 R696d 2017 BPMSU24030021 03/12/2024 03/12/2024 Libros e.2
    Dewey Decimal Classification     Colección Escolar Biblioteca Pública Metropolitana Salomé Ureña Biblioteca Pública Metropolitana Salomé Ureña 03/12/2024   BPMSU CG 320.97291 R696d 2017 BPMSU24030022 03/12/2024 03/12/2024 Libros e.3